000
00287nam a2200109Ia 4500
008
200302s9999 xx 000 0 und d
100
_a
Kavita Datta and other
245
_a
Housign and finance in developing countries
260
_b
Routledge publishing Co.
260
_c
2006
300
_a
270
999
_c
5968
_d
5968